000 00667nam a2200193 i 4500
001 52819
003 ES-MaACL
005 20250929063118.0
007 t|
008 030904s1958 sp ||||1| spa d
100 1 _aDeffontaines, Pierre,
_d1894-1978
_943201
245 1 3 _aLa España del Este
_b: Cataluña, Baleares, Valencia /
_cPierre Deffontaines ; [traducción de Mª Teresa Monguió].
250 _a[1ª ed.].
260 _aBarcelona :
_bJuventud,
_c1958 (
_fAgustín Núñez)
300 _a256 p., 128 lám., 1 map. pleg. ;
_c23 cm.
700 1 _aMonguió, María Teresa.
_982206
852 _aES-MaACL
_jC-14596
_bR.42321
999 _c52819
_d52819